000 03201nam a2200301Ia 4500
005 20250223033126.0
008 231030s9999 xx 000 0 und d
049 _aDeposit
082 _a610
097 _aPh.D
099 _aCai01.09.09.Ph.D.2022.In.P
100 _aInas Adel Mahmoud ,
245 _aPatient satisfaction and crestal bone loss of polymer infiltrated ceramic network versus lithium disilicate implant hybrid abutment crowns in esthetic zone
_cInas Adel Mahmoud ; Adel Eltannir , Reham Said Elbasty
246 _aرضا المرضي وفقدان العظام القاعدية للتيجان الدعاميه المهجنه المثبته عليالغرسات والمصنوعة من الخزف المهجن مقابل ليثيوم ديسيليكات (تجارب إكلينيكيه عشوائيه)
260 _c2022.
502 _aThesis (M.Sc.)-Cairo University - Faculty of Oral and Dental Medicine - Department of Fixed Prosthodontics
504 _aBibliography: p. 179-209.
520 _aالهدف: لتقييم رضا المريض وقياس فقدان العظام حول الزرع للتيجان الدعاميه المهجنة المثبتة علي الغرسات فيتا اينمك عند مقارنتها بتيجان سيليكات الليثيوم بعد 12 ً شهرا من المتابعة. المنهجية: تم اختيار 44 مريضا من العيادة الخارجية بقسم الاستعراضات السنية المثبتة وتم غرس زراعات مباشرة بعد خلع الأسنان الأمامية و بعد 3 شهور تم عمل الخطوة التالية لتجهيز اللثة لعمل تركيبات على الغرسات. ثم تم تقسيمهم إلى مجموعتين :تلقت المجموعة الأولى التيجان الداعمة الهجينة لـفيتا اينمك. تلقت المجموعة الثانية تيجان دعامة هجينة من سيليكات الليثيوم فوق الغرسات الموضوعة على الفور في المنطقة التجميلية. تم إجراء المسح داخل الفم باستخدام الكاد كام مباشرة بعد إزالة المؤقت. تم دمج جميع فحوصات الأسنان جنبًا إلى جنب مع فحوصات اللثة لإنشاء نموذج افتراضي كامل النشاء التاج. تم. الترابط الخارجي لقاعدة التيتانيوم مع التاج. تم أخذ الصور الشعاعية مباشرة بعد وضع التاج وبعد 12 ً شهرا من وضع التاج باستخدام تقنية موازية ، مع حامل الأشعة السينية للصور الشعاعية لتوحيد وضع جهاز الأشعة .تم تسجي رضا المرضى ً باستخدام مقياس تناظري بصري. تم تقييم مؤشرات اللثة بعد عام واحد أيضا
650 _aDentistry
653 _aPatient satisfaction
700 _aReham Said Elbasty
856 _uhttp://172.23.153.220/th.pdf
905 _aMohamady
942 _cTH
_2ddc
999 _c164376
_d164376
336 _2rda content
_atext
337 _2rdamedia
_aUnmediated
338 _2rdacarrier
_avolume